000 00277nam a2200109Ia 4500
008 180321s9999 xx 000 0 und d
082 _a333.30954 RDI
245 _aSecuring land rights for the world's poor
260 _aUSA
_bRDI
300 _a32
650 _aLand rights - poor
999 _c110800
_d110800